| 000 | 00692nam a22001937a 4500 | ||
|---|---|---|---|
| 999 |
_c15182 _d15182 |
||
| 003 | OSt | ||
| 082 | _2631.587 RAK/PE | ||
| 088 | _aP 162 | ||
| 100 |
_aRAKESH R. L _93538 |
||
| 245 | _aPerformance evaluation of dosamatic and venturi fertigation units | ||
| 260 |
_aTavanur 2006 _bKelappaji college of Agricultural Engineering and Technology |
||
| 300 | _a58 | ||
| 500 | _aPerformance evaluation of dosamatic and venturi fertigation units | ||
| 520 | _aPerformance evaluation of dosamatic and venturi fertigation units | ||
| 700 |
_aRakhi _93539 |
||
| 700 |
_aDr. Mary Regina F (Guide) _93540 |
||
| 856 | _uhttps://drive.google.com/open?id=1ajbgAn90-E2915kTvh6bw9DoCHanIjT4 | ||
| 942 | _cPR | ||